|
|
|
แสดงรายละเอียดบรรณานุกรม |
|
|
Brief Record
: Get Marc (ISO 2709)
: E-mail record
: |
|
|
| LEADER 00000nam 2200000uu 4500 | |||
| 001 13399128811 | |||
| 003 BCNR | |||
| 008 260521s2568||||th 000 0 tha d | |||
| 020 ^a9789740343899 | |||
| 041 ^atha | |||
| 050 4 ^aLB1028.3^bธ247น 2568 | |||
| 100 0 ^aธนารักษ์ สารเถื่อนแก้ว | |||
| 245 00 ^aนวัตกรรมทางการศึกษาและเทคนิคการจัดการเรียนรู้เพื่อส่งเสริมสมรรถนะผู้เรียน =^bEducational innovation and learning management techniques for promoting student competency /^cธนารักษ์ สารเถื่อนแก้ว | |||
| 246 31 ^aEducational innovation and learning management techniques for promoting student competency | |||
| 250 ^aพิมพ์ครั้งที่ 1 | |||
| 260 ^aกรุงเทพฯ :^bสำนักพิมพ์จุฬาลงกรณ์มหาวิทยาลัย,^c2568 | |||
| 300 ^a155 หน้า :^bภาพประกอบ, ตาราง ;^c26 ซม. | |||
| 505 0 ^aบทที่ 1 การจัดการศึกษาตามแนวคิด Postmodernism -- บทที่ 2 การศึกษาในยุค 4.0 (Education 4.0) -- บทที่ 3 กระบวนทัศน์ใหม่ของการเรียนรู้ -- บทที่ 4 นวัตกรรมทางการศึกษา -- บทที่ 5 นวัตกรรมการศึกษาทางด้านหลักสูตร -- บทที่ 6 นวัตกรรมการศึกษาทางด้านการจัดการเรียนรู้ -- บทที่ 7 นวัตกรรมการศึกษาทางด้านการวัดและประเมินผล -- บทที่ 8 นวัตกรรมการศึกษาทางด้านสื่อและแหล่งเรียนรู้ดิจิทัล -- บทที่ 9 ตัวอย่างงานวิจัยที่ใช้นวัตกรรมทางการศึกษาและเทคนิคการจัดการเรียนรู้ | |||
| 650 4 ^aนวัตกรรมทางการศึกษา | |||
| 650 4 ^aเทคโนโลยีทางการศึกษา | |||
| 650 4 ^aการเรียนรู้ | |||
| 650 4 ^aการสอน | |||
| 999 ^aบรรณารักษ์ | |||
| คุณยังไม่ได้ล็อกอิน คุณสามารถมีกิจกรรมร่วมกับเว็บไซต์ได้ แต่ต้องล็อกอินก่อน :: |
|
| สถานะ | |||||||||
| 1. | หนังสือ | LB1028.3 ธ247น 2568 c.1 Barcode: 087992 | ►หนังสือทั่วไป | On Shelf | |||||
| 2. | หนังสือ | LB1028.3 ธ247น 2568 c.2 Barcode: 087993 | ►หนังสือทั่วไป | On Shelf | |||||
| 3. | หนังสือ | LB1028.3 ธ247น 2568 c.3 Barcode: 087994 | ►หนังสือทั่วไป | On Shelf | |||||
| 4. | หนังสือ | LB1028.3 ธ247น 2568 c.4 Barcode: 087995 | ►หนังสือทั่วไป | On Shelf | |||||
| 5. | หนังสือ | LB1028.3 ธ247น 2568 c.5 Barcode: 087996 | ►หนังสือทั่วไป | On Shelf | |||||
| [แสดง 5/5 รายการ] | |||||||||
BibComment |
| คอมเมนท์ทรัพยากรรายการนี้ |
|
|